| 000 | 00749cam a22002651 4500 | ||
|---|---|---|---|
| 001 | sg 22000184 | ||
| 003 | DLC | ||
| 005 | 20260227112739.0 | ||
| 008 | 810622s1922 xx a 000 0 eng | ||
| 010 | _asg 22000184 | ||
| 035 | _a(OCoLC)14778369 | ||
| 040 |
_aDLC _cDNLM _dFMU _dDLC |
||
| 050 | 0 | 0 |
_aPA610 _b.A8 |
| 060 | 0 |
_aHB 1323.I4 _bA823i 1922 |
|
| 100 | 1 |
_aAshby, Hugh Tuke, _d1880- |
|
| 245 | 1 | 0 |
_aInfant mortality; _cby Hugh T. Ashby ... |
| 250 | _a2d ed. | ||
| 260 |
_aCambridge, _bUniversity press, _c1922. |
||
| 300 |
_axii, 224 p. _bill. |
||
| 490 | 0 | _aCambridge public health series | |
| 504 | _aContains bibliographies. | ||
| 650 | 0 |
_aInfants _xMortality. |
|
| 650 | 0 |
_aChild welfare _zGreat Britain. |
|
| 650 | 0 | _aPublic health. | |
| 999 |
_c90209 _d90209 |
||